Organizacionno-ekonomičeskije metody soveršenstvovanija investicionnoj dejatel'nosti v uslovijach rynočnoj ekonomiki.
Charakteristika vývoja a súčasného stavu stavebného komplexu ZSSR. Reorganizačné opatrenia realizované v odvetví od r. 1989. Opatrenia potrebné na zabezpečenie rozvoja trhových vzťahov v investičnej a dodávateľskej činnosti. Opatrenia na normalizáciu investičného dopytu. Prestavba riadenia investičn...
Salvato in:
| Autore principale: | |
|---|---|
| Natura: | Capitolo di libro |
| Lingua: | russo |
| Soggetti: | |
| Tags: |
Nessun Tag, puoi essere il primo ad aggiungerne!!
|
MARC
| LEADER | 00000naa a2200000 4500 | ||
|---|---|---|---|
| 001 | r002143 | ||
| 005 | 20220909073737.5 | ||
| 041 | 0 | |a rus | |
| 044 | |a [SU] | ||
| 245 | 1 | 0 | |a Organizacionno-ekonomičeskije metody soveršenstvovanija investicionnoj dejatel'nosti v uslovijach rynočnoj ekonomiki. |c A.I. Solunskij |
| 520 | |a Charakteristika vývoja a súčasného stavu stavebného komplexu ZSSR. Reorganizačné opatrenia realizované v odvetví od r. 1989. Opatrenia potrebné na zabezpečenie rozvoja trhových vzťahov v investičnej a dodávateľskej činnosti. Opatrenia na normalizáciu investičného dopytu. Prestavba riadenia investičného procesu. Zmeny funkcií riadiacich orgánov a financovanie stavebníctva. | ||
| 610 | 2 | 0 | |a stavebníctvo |
| 610 | 2 | 0 | |a ZSSR |
| 610 | 2 | 0 | |a výstavba investičná |
| 610 | 2 | 0 | |a reorganizácia |
| 610 | 2 | 0 | |a mechanizmus trhový |
| 610 | 2 | 0 | |a riadenie odvetví |
| 610 | 2 | 0 | |a financovanie odvetví |
| 100 | 1 | |a Solunskij, A.I. | |